Instructor's guide
Salvato in:
| Autore principale: | |
|---|---|
| Natura: | Libro |
| Lingua: | Undetermined |
| Pubblicazione: |
New York, Estados Unidos
Scott, Foresman and Co.
1982
|
| Soggetti: | |
| Tags: |
Aggiungi Tag
Nessun Tag, puoi essere il primo ad aggiungerne!!
|
MARC
| LEADER | 00000nam a2200000Ia 4500 | ||
|---|---|---|---|
| 008 | 170316s9999 xx 000 0 und d | ||
| 090 | |a 415-I J-5i | ||
| 100 | |a Jordan, Dale | ||
| 245 | |a Instructor's guide | ||
| 260 | |a New York, Estados Unidos | ||
| 260 | |b Scott, Foresman and Co. | ||
| 260 | |c 1982 | ||
| 300 | |a 64 páginas | ||
| 650 | |a GRAMÁTICA INGLESA | ||
| 999 | |c 19418 |d 19418 | ||
| 040 | |a cru BVZT | ||
| 942 | |c 15 D |h 415-I J-5i |2 z | ||
